Česká města podle obrázků #2 - Statistics

General Stats
  • This quiz has been taken 117 times
  • The average score is 5 of 16
Answer Stats
Picture Answer % Correct
Hradec Králové
59%
České Budějovice
54%
Mikulov
50%
Pardubice
45%
Mladá Boleslav
34%
Jihlava
33%
Opava
30%
Tábor
30%
Teplice
30%
Karviná
29%
Kladno
29%
Kolín
26%
Nové Město nad Metují
22%
Chomutov
21%
Litoměřice
21%
Jablonec nad Nisou
14%
No matching quizzes found
Score Distribution
Percent of People with Each Score
Percentile by Number Answered
Your Score History
You have not taken this quiz